00985nam a22002297a 4500003000900000008004100009040007100050082001700121100002700138245011600165260003300281300002800314440004900342505021900391650002300610650002400633650001300657700001800670700001800688700001800706700003100724AR-CdUCM190509b ||||| |||| 00| 0 spa d aMUNICIPALIDAD PROVINCIAL DEL CUSCOcBIBLIOTECA MUNICIPAL DEL CUSCO a830.1 /bG37 aGerstenberg, H. W. Von aLa rebelión de los jóvenes escritores alemanes en el siglo XVIII :btextos críticos del Sturm und Drang / aBuenos Aires :bNova,c1976. a217 páginas ;c21 cm. aBiblioteca Arte y Ciencia de la Expresión. aContenido: Cartas sobre hechos notables de la literatura -- Hechos memorables de Sócrates -- Diario de mi viaje -- Extracto de un intercambio epistolar sobre Osían -- También un filosofía de la historia ... aLiteratura Alemana aEscritores Alemanes aAlemania aHamann, J. G. aHerder, J. G. aGoethe, J. W. aLenz, J. M. R. (coautores)